Objective arithmetic: S.S.C. and railway exam special / (Record no. 153406)

MARC details
000 -LEADER
fixed length control field 00842nam a22002417a 4500
005 - DATE AND TIME OF LATEST TRANSACTION
control field 20190715112525.0
010 ## - LCCN (DPL NO)
LC control number ENG-123382 B-728349
020 ## - INTERNATIONAL STANDARD BOOK NUMBER
Terms of availability 595.00
International Standard Book Number 9789352832224
035 ## - SYSTEM CONTROL NUMBER
System control number EN-106914
035 ## - SYSTEM CONTROL NUMBER
System control number B-728349
037 ## - SOURCE OF ACQUISITION
Source of stock number/acquisition DBAD/PUB
037 ## - SOURCE OF ACQUISITION
Source of stock number/acquisition RK Books
082 ## - DEWEY DECIMAL CLASSIFICATION NUMBER
Classification number 513
100 ## - MAIN ENTRY--PERSONAL NAME
Personal name Aggarwal,R. S.
245 00 - TITLE STATEMENT
Title Objective arithmetic: S.S.C. and railway exam special /
Statement of responsibility, etc by R.S. Aggarwal
250 ## - EDITION STATEMENT
Edition statement rev. ed
260 ## - PUBLICATION, DISTRIBUTION, ETC. (IMPRINT)
Place of publication, distribution, etc New Delhi
Name of publisher, distributor, etc S. Chand
Date of publication, distribution, etc 2018
270 ## - ADDRESS
Address 7361, Ram Nagar
City New Delhi
Postal code 110055
300 ## - PHYSICAL DESCRIPTION
Extent 538p.:
Dimensions 27cm(pbk)
Other physical details ill.
500 ## - GENERAL NOTE
General note It includes Additional questions with answers
942 ## - ADDED ENTRY ELEMENTS (KOHA)
Source of classification or shelving scheme Dewey Decimal Classification
Item type English Books
Call number suffix AGG
Classification part 513
Holdings
Withdrawn status Lost status Not for loan Collection code Home library Current library Date acquired Source of acquisition Cost, normal purchase price Full call number Barcode Copy number Cost, replacement price Koha item type Public note
      Non-fiction Central Library Central Library 30/05/2019 RK Books/IN393/2019-20/24-05-19/05/20-05-19/28-05-19 595.00 513 AGG B-728349 1 595.00 English Books Issued to staff
      Non-fiction Sarojini Nagar Sarojini Nagar 05/07/2018 DBAD/PUB 595.00 513 AGG EN-106914 1 595.00 English Books  

© Delhi Public Library
Hit Counter
free hit counter